Styles de nage (natation) - Statistiques

Statistiques générales
  • Ce quiz a été pris 1 919 fois
  • Le résultat moyen est 5 sur 7
Statistiques - réponses
Par images Hint Réponse % Correct
Brasse
97%
Crawl
95%
Papillon
95%
Dos
94%
(épreuve) 4 nages
75%
Nage du chien
74%
Marinière
14%
Aucun quiz correspondant
Distribution des résultats
% des personnes avec chaque résultat
Percentile par nombre de réponses
Votre historique - résultats
Vous n’avez pas pris ce quiz